| 000 | 01165nam a2200325 i 4500 | ||
|---|---|---|---|
| 001 | 000021148 | ||
| 003 | DO-SdBNP | ||
| 005 | 20240305125740.0 | ||
| 007 | ta | ||
| 008 | 100901s1993 dr ac 000 1 spa d | ||
| 040 |
_aDO-SdBNP _bspa _cBNPHU _erda |
||
| 082 | 4 |
_a972.93 _bH552c, 1993 _222 |
|
| 100 | 1 |
_aHamlet, Hermann, _d1934-2016 _eautor _936649 |
|
| 245 | 1 | 0 |
_aCaracoles : _bla guerrilla de Caamaño / _cHamlet Hermann. |
| 250 | _a3a. ed. | ||
| 264 | 1 |
_aSanto Domingo : _bTele-3, _c1993. |
|
| 300 |
_axxix, 265 páginas : _bilustraciones, retratos ; _c22 cm. |
||
| 336 |
_2rdacontent _atexto _btxt |
||
| 337 |
_2rdamedia _asin mediación _bn |
||
| 338 |
_2rdacarrier _avolumen _bnc |
||
| 500 | _aIncluye índice onomástico | ||
| 500 | _aIncluye datos biográficos del autor en la contracubierta | ||
| 590 | _aInventariado, 2023/BT | ||
| 600 | 1 | 4 |
_aCaamaño Deño, Francisco Alberto, _d1932-1973 _910026 |
| 650 | 4 |
_aGuerrillas _zRepública Dominicana _917919 |
|
| 651 | 4 |
_aRepública Dominicana _xHistoria _yRevolución, 1973 _914290 |
|
| 651 | 4 |
_aRepública Dominicana _91325 _vBiografías |
|
| 910 | _aValidado. Control de calidad MFF | ||
| 942 |
_2ddc _cLBS1 |
||
| 999 |
_c20650 _d20650 |
||